Najszybsi piłkarze w Fifie 20 - Statystyki

Ogólne statystyki
  • Ten quiz został rozwiązany 308 razy
  • Średni wynik to 2 z 15
Statystyki odpowiedzi
Tempo Piłkarz % Poprawnych
96 Mbappe
94%
96 Traore
40%
94 Mane
35%
94 Aubameyang
32%
95 Leroy Sane
17%
94 Williams
4%
95 Martins
3%
94 Sarr
2%
94 Acheampong
1%
95 Chala
1%
94 Damm
1%
95 Nagai
1%
94 List
0%
94 Manneh
0%
94 Seong
0%
Nie znaleziono quizów pasujących do podanych kryteriów
Rozkład punktacji
Procent ludzi z każdym wynikiem
Percentyl według liczby udzielonych odpowiedzi
Twoja historia wyników
Nie rozwiązałeś tego quizu